| 000 | 01036nam a2200193 i 4500 | ||
|---|---|---|---|
| 001 | 164264 | ||
| 003 | ES-MaACL | ||
| 005 | 20230906212914.0 | ||
| 008 | 931025s1877 sp |||| | spa d | ||
| 100 | 1 |
_aSáenz Díez, Manuel. _9101327 |
|
| 245 | 1 | 0 |
_aAguas termo-alcalinas ferruginosas bicarbonatadas nitrogenadas (variedad litínicas) de Urberuaga de Alzola (Guipúzcoa) _b: analisis y virtudes medicinales / _cpor... Manuel Saenz Diez y Jose Maria Hernandez Sanz. |
| 260 |
_aMadrid : _b[s.n.], _c1877 ( _fImp. de Gregorio Hernando) |
||
| 300 |
_a44 p. ; _c21 cm. |
||
| 594 | _aPrecede al tít.: Establecimiento termal de Alzola. | ||
| 650 |
_aAguas minerales- _zPaís Vasco. _9172296 |
||
| 711 | 2 | 1 |
_aHernandez Sanz, Jose Maria. _9135162 |
| 852 |
_aES-MaACL _jT-470-F-14 _z-- Enc. hol. _q-- Falto de la cub. original _z-- Enc. en un vol. facticio _z.-Dedicatoria manuscrita de Gustavo Saenz Diez a "Los Escolares Médicos" |
||
| 852 |
_aES-MaACL _jT-341-F-5 _z-- Enc. hol. _q-- Falto de la cub. original _z-- Enc. en un vol. facticio |
||
| 999 |
_c164264 _d164264 |
||